Pièces du jeu d'échecs par valeur - Statistiques

Statistiques générales
  • Ce quiz a été pris 486 fois
  • Le résultat moyen est 5 sur 5
Statistiques - réponses
Valeur Pièce % Correct
3 Cavalier / Fou
99%
9 Dame
99%
5 Tour
98%
1 Pion
97%
ø Roi
97%
Aucun quiz correspondant
Distribution des résultats
% des personnes avec chaque résultat
Percentile par nombre de réponses
Votre historique - résultats
Vous n’avez pas pris ce quiz